Name a Capital With Each Letter A-Z: Excluding First Letters! - Statistics

General Stats
  • This quiz has been taken 26 times
  • The average score is 20 of 25
Answer Stats
Answer % Correct
D Abu Dhabi | Addis Ababa | Amsterdam | Andorra la Vella | Baghdad | Bandar Seri Begawan | Belgrade | Bridgetown | Budapest | Ciudad de la Paz | Islamabad | Kathmandu | London | Luanda | Madrid | Mogadishu | Montevideo | Naypyidaw | N'Djamena | New Delhi | Ngerulmud | Ouagadougou | Podgorica | Riyadh | San Salvador | Santo Domingo | Sri Jayawardenepura Kotte | Vaduz | Washington D.C. | Windhoek | Yaoundé
100%
C Accra | Asunción | Bucharest | Guatemala City | Kuwait City | Mexico City | Monaco | Moscow | Muscat | Nicosia | Nouakchott | Nicosia | Nouakchott | Podgorica | Port-au-Prince | Stockholm | Sucre | Tegucigalpa |Vatican City | Victoria | Washington D.C.
100%
E Algiers | Amsterdam | Andorra la Vella | Athens | Bandar Seri Begawan | Basseterre | Beijing | Beirut | Belgrade | Belmopan | Berlin | Bern | Bishkek | Bloemfontein | Brazzaville | Bridgetown | Brussels | Bucharest | Budapest | Buenos Aires | Canberra | Cape Town | Castries | Ciudad de la Paz | Copenhagen | Dushanbe | Freetown | Gaborone | Georgetown | Gitega | Guatemala City | Harare | Helsinki | Jerusalem | Libreville | Lilongwe | Lomé | Luxembourg | Malé | Maseru | Mbabane | Mexico City | Montevideo | N'Djamena | New Delhi | Ngerulmud | Niamey | Phnom Penh | Port Moresby | Port-au-Prince | Prague | Pretoria | Reykjavík | Rome | Roseau | Saint George's | San José | São Tomé | Sarajevo | Seoul | Singapore | Skopje | Sri Jayawardenepura Kotte | Sucre | Taipei | Tashkent | Tegucigalpa | Tehran | Valletta | Vienna | Vientiane | Wellington | Windhoek | Yaoundé | Yaren | Yerevan | Zagreb
100%
K Ankara | Baku | Bamako | Bangkok | Bishkek | Conakry | Dakar | Dhaka | Helsinki | Jakarta | Lusaka | Minsk | Nouakchott | Nukuʻalofa | Palakir | Reykjavík | Skopje | Sri Jayawardenepura Kotte | Stockholm | Tashkent | Tokyo | Windhoek | Yamoussoukro
100%
A Baghdad | Baku | Bamako | Bandar Seri Begawan | Bangkok | Bangui | Banjul | Basseterre | Belgrade | Belmopan | Bissau | Bogotá | Brasília | Bratislava | Brazzaville | Bucharest | Budapest | Buenos Aires | Cairo | Canberra | Cape Town | Caracas | Castries | Chișinău | Ciudad de la Paz | Conakry | Copenhagen | Dakar | Damascus | Dhaka | Dodoma | Doha | Dushanbe | Funafuti | Gaborone | Gitega | Guatemala City | Hanoi | Harare | Havana | Honiara | Islamabad | Jakarta | Jerusalem | Juba | Kabul | Kampala | Kathmandu | Khartoum | Kigali | Kinshasa | Kuala Lumpur | Kuwait City | La Paz | Lima | Ljubljana | Luanda | Lusaka | Madrid | Majuro | Malé | Managua | Manama | Manila | Maputo | Maseru | Mbabane | Mogadishu | Monaco |Monrovia | Muscat | Nairobi | Nassau | Naypyidaw | N'Djamena | Niamey | Nicosia | Nouakchott | Nukuʻalofa | Ottawa | Ouagadougou | Palikir | Panama City | Paramaribo | Paris | Podgorica | Port Vila | Port-au-Prince | Port-of-Spain | Prague | Praia | Pretoria | Pristina | Pyongyang | Rabat | Reykjavík | Riga | Riyadh | Roseau | Saint George's | Saint John's | San José | San Marino | San Salvador | Sana'a | Santiago | Santo Domingo | São Tomé | Sarajevo | Singapore | Sofia | South Tarawa | Sri Jayawardenepura Kotte | Suva | Taipei | Tallinn | Tashkent | Tegucigalpa | Tehran | Tirana | Ulaanbaatar | Vaduz | Valletta | Vatican City | Victoria | Vienna | Vientiane | Warsaw | Washington D.C. | Yamoussoukro | Yaoundé | Yaren | Yerevan | Zagreb
100%
B Abu Dhabi | Abuja | Addis Ababa | Ashgabat | Canberra | Dublin | Dushanbe | Gaborone | Islamabad | Juba | Kabul | Libreville | Lisbon | Ljubljana | Luxembourg | Mbabane | Nairobi | Paramaribo | Port Moresby | Rabat | Tbilisi | Ulaanbaatar | Zagreb
94%
U Abu Dhabi | Abuja | Asunción | Baku | Bangui | Banjul | Beirut | Bissau | Brussels | Bucharest | Budapest | Buenos Aires | Chișinău | Ciudad de la Paz | Cotonou | Damascus | Djibouti | Dublin | Dushanbe | Funafuti | Guatemala City | Jerusalem | Juba | Kabul | Kathmandu | Khartoum | Kuala Lumpur | Kuwait City | Ljubljana | Luanda | Lusaka | Luxembourg | Majuro | Managua | Maputo | Maseru | Mogadishu | Muscat | Nassau | Ngerulmud | Nouakchott | Nukuʻalofa | Ouagadougou | Port Louis | Port-au-Prince | Prague | Quito | Roseau | Seoul | South Tarawa | Sri Jayawardenepura Kotte | Sucre | Suva | Tegucigalpa | Thimphu | Tunis | Vaduz | Yamoussoukro | Yaoundé
94%
I Abu Dhabi | Addis Ababa | Algiers | Antananarivo | Apia | Asunción | Bandar Seri Begawan | Bangui | Beijing | Beirut | Berlin | Bishkek | Bissau | Bloemfontein | Brasília | Bratislava | Brazzaville | Bridgetown | Buenos Aires | Cairo | Castries | Chișinău | Ciudad de la Paz | Dili | Djibouti | Dublin | Funafuti | Gitega | Guatemala City | Hanoi | Helsinki | Honiara | Kigali | Kingston | Kingstown | Kinshasa | Kuwait City | Kyiv | Libreville | Lilongwe | Lima | Lisbon | Madrid | Manila | Mexico City | Minsk | Mogadishu | Monrovia | Montevideo | Moroni | Nairobi | Naypyidaw | New Delhi | Niamey | Nicosia | Palikir | Panama City | Paramaribo | Podgorica | Port Louis | Port Vila | Port-au-Prince | Port of Spain | Praia | Pretoria | Pristina | Quito | Reykjavik | Riga | Riyadh | Saint George's | Saint John's | San Marino | Santiago | Santo Domingo | Singapore | Sofia | Sri Jayawardenepura Kotte | Taipei | Tallinn | Tbilisi | Tegucigalpa | Thimpu | Tirana | Tripoli | Tunis | Vatican City | Victoria | Vienna | Vientiane | Vilnius | Washington D.C. | Wellington | Windhoek
89%
J Abuja | Banjul | Beijing | Djibouti | Ljubljana | Majuro | N'Djamena | Reykjavík | Saint John's | San José | Sarajevo | Skopje | Sri Jayawardenepura Kotte
89%
O Andorra la Vella | Antananarivo | Asunción | Bamako | Bangkok | Belmopan | Bloemfontein | Bogotá | Bridgetown | Buenos Aires | Cairo | Cape Town | Conakry | Copenhagen | Cotonou | Djibouti | Dodoma | Doha | Freetown | Gaborone | Georgetown | Hanoi | Honiara | Khartoum | Kingston | Kingstown | Lilongwe | Lisbon | Lomé | London | Luxembourg | Majuro | Maputo | Mexico City | Mogadishu | Monaco | Monrovia | Montevideo | Moroni | Moscow | Nairobi | Nicosia | Nouakchott | Nukuʻalofa | Paramaribo | Phnom Penh | Podgorica | Port Louis | Port Moresby | Port Vila | Port-au-Prince | Port-of-Spain | Porto Novo | Pretoria | Pyongyang | Quito | Rome | Roseau | Saint George's | Saint John's | San José | San Marino | San Salvador | Santiago | Santo Domingo | São Tomé | Sarajevo | Seoul | Singapore | Skopje | Sofia | South Tarawa | Sri Jayawardenepura Kotte | Stockholm | Tokyo | Tripoli | Victoria | Washington D.C. | Wellington | Windhoek | Yamoussoukro | Yaoundé
89%
T Antananarivo | Ashgabat | Astana | Athens | Basseterre | Beirut | Bloemfontein | Bogotá | Bratislava | Bridgetown | Bucharest | Budapest | Cape Town | Castries | Cotonou | Djibouti | Freetown | Funafuti | Georgetown | Gitega | Guatemala City | Jakarta | Kathmandu | Khartoum | Kingston | Kingstown | Kuwait City | Maputo | Mexico City | Montevideo | Muscat | Nouakchott | Ottawa | Panama City | Port Louis | Port Moresby | Port Vila | Port-au-Prince | Port-of-Spain | Porto Novo | Pretoria | Pristina | Quito | Rabat | Saint George's | Saint John's | Santiago | Santo Domingo | São Tomé | South Tarawa | Sri Jayawardenepura Kotte | Stockholm | Ulaanbaatar | Valletta | Vatican City | Victoria | Vientiane | Washington D.C. | Wellington
89%
H Abu Dhabi | Ashgabat | Athens | Baghdad | Bishkek | Bucharest | Chișinău | Copenhagen | Dhaka | Doha | Dushanbe | Kathmandu | Khartoum | Kinshasa | Mogadishu | New Delhi | Nouakchott | Phnom Penh | Riyadh | Saint John's | South Tarawa | Stockholm | Tashkent | Tehran | Thimphu | Washington D.C. | Windhoek
83%
S Addis Ababa | Algiers | Amsterdam | Ashgabat | Asmara | Astana | Asunción | Athens | Bandar Seri Begawan | Basseterre | Bishkek | Bissau | Brasília | Bratislava | Brussels | Bucharest | Budapest | Buenos Aires | Caracas | Castries | Chișinău | Damascus | Dushanbe | Helsinki | Islamabad | Jerusalem | Kingston | Kingstown | Kinshasa | Lisbon | Lusaka | Maseru | Minsk | Mogadishu | Moscow | Muscat | Nassau | Nicosia | Oslo | Port Louis | Port Moresby | Port-of-Spain | Pristina | Roseau | Tashkent | Tbilisi | Tunis | Vilnius | Warsaw | Washington D.C. | Yamoussoukro
83%
L Algiers | Andorra la Vella | Banjul | Belgrade | Belmopan | Berlin | Bloemfontein | Brasília | Bratislava | Brazzaville | Brussels | Ciudad de la Paz | Dili | Dublin | Guatemala City | Helsinki | Islamabad | Jerusalem | Kabul | Kampala | Kigali | Kuala Lumpur | Malé | Manila | New Delhi | Ngerulmud | Nukuʻalofa | Oslo | Palikir | Port Louis | Port Vila | San Salvador | Seoul | Stockholm | Tallinn | Tbilisi | Tegucigalpa | Tripoli | Ulaanbaatar | Valletta | Vilnius | Wellington
83%
G Algiers | Ashgabat | Baghdad | Bandar Seri Begawan | Bangkok | Bangui | Beijing | Belgrade | Bogotá | Bridgetown | Copenhagen | Kigali | Kingston | Kingstown | Lilongwe | Luxembourg | Managua | Mogadishu | Ngerulmud | Ouagadougou | Podgorica | Prague | Pyongyang | Riga | Saint George's | Santiago | Santo Domingo | Singapore | Tegucigalpa | Washington D.C. | Wellington | Zagreb
83%
R Accra | Algiers | Amsterdam | Andorra la Vella | Ankara | Antananarivo | Asmara | Bandar Seri Begawan | Basseterre | Beirut | Belgrade | Berlin | Bern | Brasília | Bratislava | Brazzaville | Bridgetown | Brussels | Bucharest | Buenos Aires | Cairo | Canberra | Caracas | Castries | Conakry | Dakar | Freetown | Gaborone | Georgetown | Harare | Honiara | Jakarta | Jerusalem | Khartoum | Kuala Lumpur | Libreville | Luxembourg | Madrid | Majuro | Maseru | Monrovia | Moroni | Nairobi | Ngerulmud | Palikir | Paramaribo | Podgorica | Port Louis | Port Moresby | Port Vila | Port-au-Prince | Port of Spain | Porto Novo | Prague | Praia | Pretoria | Pristina | Saint George's | San Marino | San Salvador | Sarajevo | Singapore | South Tarawa | Sri Jayawardenepura Kotte | Sucre | Tehran | Tirana | Tripoli | Ulaanbaatar | Victoria | Warsaw | Yamoussoukro | Yaren | Yerevan | Zagreb
78%
M Amman | Amsterdam | Asmara | Bamako | Belmopan | Bloemfontein | Damascus | Dodoma | Guatemala City | Islamabad | Jerusalem | Kampala | Kathmandu | Khartoum | Kuala Lumpur | Lima | Lomé | Luxembourg | N'Djamena | Ngerulmud | Niamey | Panama City | Paramaribo | Phnom Penh | Port Moresby | Rome | San Marino | Santo Domingo | São Tomé | Stockholm | Thimphu | Yamoussoukro
78%
N Amman | Andorra la Vella | Ankara | Antananarivo | Astana | Asunción | Athens | Bandar Seri Bagawan | Bangkok | Bangui | Banjul | Beijing | Belmopan | Berlin | Bern | Bloemfontein | Bridgetown | Buenos Aires | Canberra | Cape Town | Chișinău | Conakry | Copenhagen | Cotonou | Dublin | Dushanbe | Freetown | Funafuti | Gaborone | Georgetown | Hanoi | Havana | Helsinki | Honiara | Kathmandu | Kingston | Kingstown | Kinshasa | Lilongwe | Lisbon | Ljubljana | London | Luanda | Managua | Manama | Manila | Mbabane | Minsk | Monaco | Monrovia | Montevideo | Moroni | Panama City | Phnom Penh | Port-au-Prince | Port-of-Spain | Porto Novo | Pristina | Pyongyang | Saint George's | Saint John's | San José | San Marino | San Salvador | Sana'a | Santiago | Santo Domingo | Singapore | Sri Jayawardenepura Kotte | Tallinn | Tashkent | Tehran | Tirana | Tunis | Ulaanbataar | Vatican City | Vienna | Vientiane | Vilnius | Washington D.C. | Wellington | Windhoek | Yaoundé | Yaren | Yerevan
78%
P Apia | Belmopan | Budapest | Cape Town | Ciudad de la Paz | Copenhagen | Kampala | Kuala Lumpur | La Paz | Maputo | Naypyidaw | Singapore | Skopje | Sri Jayawardenepura Kotte | Taipei | Tegucigalpa | Thimphu | Tripoli
67%
Y Conakry | Guatemala City | Kuwait City | Kyiv | Mexico City | Naypyidaw | Niamey | Panama City | Port Moresby | Pyongyang | Reykjavik | Riyadh | Sri Jayawardenepura Kotte | Tokyo | Vatican City
67%
V Andorra la Vella | Antananarivo | Bratislava | Brazzaville | Havana | Kyiv | Libreville | Monrovia | Montevideo | Port Vila | Porto Novo | Reykjavik | San Salvador | Sarajevo | Suva | Yerevan
61%
X Luxembourg | Mexico City
56%
W Bandar Seri Begawan | Bridgetown | Cape Town | Freetown | Georgetown | Kingstown | Kuwait City | Lilongwe | Moscow | Naypyidaw | New Delhi | Ottawa | South Tarawa | Sri Jayawardenepura Kotte
50%
F Bloemfontein | Nukuʻalofa | Port-of-Spain | Sofia
44%
Z Brazzaville | Ciudad de la Paz | La Paz | Vaduz
39%
No matching quizzes found
Score Distribution
Percent of People with Each Score
Percentile by Number Answered
Your Score History
You have not taken this quiz